000 00947nam a2200289 i 4500
003 EG-GICUC
005 20260405152253.0
008 260405s1963 fr ||fr|||| 000 0 fre d
040 _aEG-GiCUC
_bfre
_cEG-GiCUC
_dEG-GiCUC
_erda
041 0 _afre
082 0 4 _221
_a341.511
_bDE . P
092 0 4 _221
099 _aLaw1 11 341.511 DE . P 1963
100 _a De Visscher, Charles
_eAuteur
245 1 0 _aProblèmes D'interprétation Judiciaire En Droit International Public /
_cCharles De Visscher.
264 1 _aParis :
_bÉditions A. Pedone,
_c1963.
300 _a269 pages,
_c24 cm
336 _2rda content
_atext
337 _2rda media
_aComputer
338 _2rda carrier
_aOnline Resource
504 _aIncludes bibliographical references.
546 _aTexte en français
650 1 4 _aDroit international public
856 4 0 _uhttps://fll.law.cu.edu.eg/fulltext/bks/B11-09074.pdf
905 _a48
942 _2ddc
_cBK
_e21
_n0
999 _c68982
_d68982